East and Southeast Asia
Αποθηκεύτηκε σε:
| Άλλοι συγγραφείς: | |
|---|---|
| Μορφή: | Βιβλίο |
| Γλώσσα: | English |
| Δημοσίευση: |
New York : London :
G.K. Hall & Company, Prentice Hall International,
1993
|
| Θέματα: | |
| Ετικέτες: |
Προσθήκη ετικέτας
Δεν υπάρχουν, Καταχωρήστε ετικέτα πρώτοι!
|
MARC
| LEADER | 00000nam a2200000 i 4500 | ||
|---|---|---|---|
| 001 | 1/91865 | ||
| 008 | 080806s1993 eng d | ||
| 020 | |a 0-8161-1814-0 (τ.5) | ||
| 035 | |l 10099375 | ||
| 040 | |a GR-MY-UA |b gre |e aacr | ||
| 041 | 0 | |a eng | |
| 082 | 0 | |a 306.03 |2 (22) | |
| 245 | 1 | 0 | |a East and Southeast Asia / |c Paul Hockings, volume editor |
| 260 | |a New York : |a London : |b G.K. Hall & Company, |b Prentice Hall International, |c 1993 | ||
| 300 | |a xxxii, [10], 313 σ.; |b χάρτες; |c 29 εκ. | ||
| 500 | |a Volume V | ||
| 504 | |a Περιέχει βιβλιογραφικές παραπομπές και ευρετήρια | ||
| 650 | 0 | 0 | |a Ethnology |x Encyclopedias. |
| 650 | 0 | 0 | |a Ethnology |z Asia |x Encyclopedias. |
| 651 | 0 | |a Asia |x Social life and customs |x Encyclopedias. | |
| 651 | 0 | |a Southeast Asia |x Social life and customs |x Encyclopedias. | |
| 651 | 0 | |a East Asia |x Social life and customs |x Encyclopedias. | |
| 700 | 1 | |a Hockings, Paul. |4 edt | |
| 774 | 1 | |t Encyclopedia of world cultures | |
| 852 | |a INST |b LESVOS |e 20080806 |h 306.03 ENC |p 005100041939 |q 005100041939 |t REF |y 23 |z τ.5 | ||
| 852 | |a INST |b LESVOS |e 20080806 |h 306.03 ENC |p 005100041939 |q 005100041939 |t REF |v τ.5: |y 23 |z τ.5 | ||
| 853 | |a INST |b LESVOS |h 306.03 ENC | ||
| 901 | |a BIBL1-2008-2 | ||
| 909 | |a Λ |b 145821 | ||
| 922 | |a 1ΕΛΗ |b 200802 |c ΕΠΕΑΕΚ2/ΚΥΒ |d ΠΑΠΑΣΩΤΗΡΙΟΥ | ||
| 970 | |a ΚΑΡΑ |b ΓΙΑΣΕΜΗ |z 2008/08/06 | ||